[Event "DMP Ekstraliga 2020"]
[Site "Krakow"]
[Date "2020.09.02"]
[Round "8.15"]
[White "Markowski, Tomasz"]
[Black "Barski, Radoslaw"]
[Result "1/2-1/2"]
[WhiteElo "2548"]
[BlackElo "2444"]
[Annotator "TA"]
[PlyCount "100"]
[EventDate "2020.08.26"]
[EventType "team-tourn"]
[EventCountry "POL"]
[SourceTitle "playchess.com"]
[Source "ChessBase"]
[SourceQuality "1"]
[WhiteTeam "Silesia Raciborz"]
[BlackTeam "UKS 21 Podlesie"]

{[%evp 21,100,53,65,60,67,34,39,36,49,17,35,34,35,0,0,0,0,0,0,0,0,0,0,0,0,0,-8,-35,-42,-75,-83,-73,-89,-54,-2,0,-14,-90,-76,-65,0,0,0,0,0,0,0,0,0,0,0,0,0,0,0,0,0,0,0,0,0,0,0,0,0,0,2,0,0,0,0,0,0,0,0,0,0,0,0,0,0]} 1. c4 Nf6 2. g3 g6 3. Bg2 Bg7 4. Nc3 O-O 5. d3 d6 6. e4 c5 7. Nge2 Nc6 8. O-O Ne8 9. Be3 Nc7 10. d4 cxd4 11. Nxd4 Ne6 {[%cal Rg7d4]} 12. Nde2 {A36: Symmetrical English vs ...g6: 4 Bg2 Bg7.} Nc5 13. h3 a5 14. Rb1 {[#] White is slightly better.} f5 $146 ({Predecessor:} 14... Be6 15. b3 Bd7 16. Qd2 Rb8 17. Rbd1 b6 18. Bh6 a4 19. Bxg7 Kxg7 20. Qb2 axb3 21. axb3 {0-1 (68) Gonzalez Intelangelo,G (2020)-Valles,M (2260) Las Palmas 2012}) 15. Kh2 Nxe4 16. Nxe4 fxe4 17. Bxe4 Bf5 18. Bxf5 Rxf5 19. f4 Qd7 20. g4 Rf7 21. Ng3 e6 22. Qe2 d5 23. Rbd1 d4 24. Ne4 Raf8 25. Bc1 e5 {[%cal Re5f4]} 26. Ng5 Re7 27. f5 gxf5 (27... e4 $1 $15 28. f6 Rxf6 29. Rxf6 Bxf6 30. Nxe4 Bg7) 28. gxf5 $11 {And now Qh5 would win.} e4 $1 ({Don't play} 28... Rxf5 $6 29. Qe4 $16) 29. Qh5 (29. Ne6 $11 {remains equal.} Rxf5 30. Nxg7 Rxg7 31. Qxe4) 29... Be5+ $17 30. Kg2 Rxf5 (30... e3 $15 31. Ne6 Qe8 32. Qg4+ Kh8 33. Nxf8 Qxf8) 31. Rxf5 $11 {The position is equal.} Qxf5 32. Rf1 Qg6 33. Qxg6+ hxg6 34. Nxe4 Bg7 35. Nf6+ Kh8 36. Nd5 Re2+ 37. Rf2 $1 {[%cal Rf2e2]} Rxf2+ 38. Kxf2 {[%mdl 4096] Endgame KBN-KBN} Ne5 {[#] White must now prevent ...Nd3+.} 39. Ke2 d3+ 40. Kd1 Nxc4 41. b3 Ne5 42. Bd2 a4 43. bxa4 Nc4 44. Bc1 Kh7 45. Nb4 Ne5 46. Bf4 Bf8 47. a3 Nf3 48. Be3 Ne5 49. Bf4 Nf3 50. Be3 Ne5 {Accuracy: White = 80%, Black = 94%.} 1/2-1/2

[Event "DMP Ekstraliga 2020"]
[Site "Krakow"]
[Date "2020.09.02"]
[Round "8.16"]
[White "Kosakowski, Jakub"]
[Black "Krzyzanowski, Marcin"]
[Result "0-1"]
[WhiteElo "2418"]
[BlackElo "2518"]
[Annotator "TA"]
[PlyCount "86"]
[EventDate "2020.08.26"]
[EventType "team-tourn"]
[EventCountry "POL"]
[SourceTitle "playchess.com"]
[Source "ChessBase"]
[SourceQuality "1"]
[WhiteTeam "UKS 21 Podlesie"]
[BlackTeam "Silesia Raciborz"]

{[%evp 20,86,13,18,27,16,16,16,25,8,13,9,9,3,23,-16,-15,-16,-4,-22,16,23,16,0,40,35,51,33,50,34,88,73,90,77,65,0,95,87,65,-14,51,30,41,39,30,-29,-35,-122,-60,-60,-57,-50,-56,-56,-73,-56,-12,-18,-17,-56,-54,-56,-55,-737,-312,-29992,-29993,-29993,-29994]} 1. e4 e5 2. Nf3 Nc6 3. Bb5 a6 4. Ba4 Nf6 5. O-O Be7 6. Re1 b5 7. Bb3 O-O 8. a4 Bb7 9. d3 d6 10. Bd2 Qd7 11. Nc3 b4 {[#] 11...Na5 is becoming the main line. C88: Closed Ruy Lopez: Anti-Marshall Systems.} 12. Nd5 $146 ({Predecessor:} 12. Ne2 a5 13. Ng3 h6 14. c3 bxc3 15. bxc3 d5 16. exd5 Nxd5 17. Rb1 Rab8 18. Bc4 Nb6 19. Bb5 {1-0 (43) Martin,J (2351)-Koelle,T (2159) Dresden 2019}) 12... Nxd5 $1 13. Bxd5 Rab8 {The position is equal.} 14. c3 bxc3 15. Bxc3 Bf6 16. Rc1 Ne7 17. Bb3 c5 18. Nd2 Bg5 19. Rb1 Kh8 20. Nc4 f5 21. Qh5 Bf6 22. Nb6 Qd8 23. a5 g6 24. Qe2 Bg7 (24... Nc6 $14) 25. Ba4 Nc6 26. f3 Bh6 27. Kh1 (27. Qc2 $14) 27... Qe7 (27... Qh4 $1 $11 {keeps the balance.}) 28. b4 $16 cxb4 (28... Nxb4 $2 29. Nd7 $16) 29. Bxc6 (29. Bxb4 $14 Nd4 30. Qf2) 29... Bxc6 (29... bxc3 $11 30. Nd5 {[%mdl 64] Double Attack} Qf7 31. Rxb7 Rxb7 32. Bxb7 Qxb7 33. Nxc3 Qc7) 30. Rxb4 Bb5 31. exf5 Rxf5 32. f4 (32. Bd2 $142 Bf8 33. Rbb1) 32... Bg7 ({Reject} 32... Bxf4 $6 33. Nd5 $16) 33. Nc4 (33. fxe5 $15 Qc7 34. Rb3) 33... Rbf8 ({But not} 33... Rxf4 34. Nxe5 Rxb4 35. Nxg6+ $1 {[%mdl 512]} hxg6 36. Qxe7 $15) (33... Rc8 $17 34. Ne3 Rf7) 34. Ne3 $1 $15 {[%cal Re3f5]} R5f7 35. fxe5 dxe5 36. h3 Rf2 37. Qg4 Bxd3 38. Rb6 Qf7 39. Rd6 Bb5 40. Qe6 Qf4 $36 {[%mdl 2048] Strongly threatening ...Be2. Black has some pressure.} 41. Rxa6 $2 {[%mdl 8192]} (41. Rd5 $15) 41... Bf1 (41... Be2 $142 42. Rc6 Qxe3) 42. Ra7 $2 {[#]} (42. Qc6 $19 Bxa6 43. Qxa6) 42... Bxg2+ $1 {[%mdl 576] Decoy} 43. Nxg2 {[#]} Qg3 $1 {[%mdl 576] Double Attack. Accuracy: White = 61%, Black = 73%.} 0-1

[Event "DMP Ekstraliga 2020"]
[Site "Krakow"]
[Date "2020.09.02"]
[Round "8.17"]
[White "Jakubowski, Krzysztof"]
[Black "Dzierzak, Radoslaw"]
[Result "1-0"]
[WhiteElo "2481"]
[BlackElo "2273"]
[Annotator "TA"]
[PlyCount "47"]
[EventDate "2020.08.26"]
[EventType "team-tourn"]
[EventCountry "POL"]
[SourceTitle "playchess.com"]
[Source "ChessBase"]
[SourceQuality "1"]
[WhiteTeam "Silesia Raciborz"]
[BlackTeam "UKS 21 Podlesie"]
[BlackTeamCountry "POL"]

{[%evp 14,47,-8,-8,2,3,0,11,14,0,0,-7,0,0,0,0,0,-3,0,-11,14,-9,50,31,36,29,46,33,41,-8,-2,-35,23,16,1931,1853]} 1. Nf3 Nf6 2. g3 d5 3. Bg2 e6 4. O-O c5 5. d3 Nc6 6. Nbd2 Be7 7. e4 Qc7 8. Re1 dxe4 {C00: French: Unusual White 2nd moves.} 9. dxe4 e5 10. c3 Be6 {The position is equal.} 11. Ng5 Bg4 12. Qc2 h6 13. Ngf3 O-O 14. Nc4 Rfd8 15. Nh4 Be6 16. Ne3 c4 {[#]} 17. Qe2 $146 ({Predecessor:} 17. Nhf5 Bf8 18. Nd5 Nxd5 19. exd5 Bxd5 20. Bxd5 Rxd5 21. Qe4 Qd7 22. Qxc4 Rd1 23. Rxd1 Qxd1+ 24. Kg2 Rd8 25. Ne3 {½-½ (41) Kratochvil,V (1933)-Machan,J (2125) Kouty nad Desnou 2013}) 17... Na5 ({Better is} 17... Rd3 $11) 18. Nhf5 $14 Bf8 19. Qf3 h5 20. g4 g6 21. g5 Ng4 22. Nh6+ (22. h3 $5 {[%cal Rh3g4]} Nxe3 23. Nxe3 $11) 22... Bxh6 (22... Nxh6 $15 23. gxh6 Kh7) 23. gxh6 $11 {Hoping for Nxg4.} Nxe3 $4 {[%mdl 8192] [#]} (23... Kh7 $11) 24. Qf6 $1 {Accuracy: White = 88%, Black = 65%.} ({Not} 24. Bxe3 Kh7 $11) 1-0

[Event "DMP Ekstraliga 2020"]
[Site "Krakow"]
[Date "2020.09.02"]
[Round "8.18"]
[White "Sliwicka, Alicja"]
[Black "Worek, Joanna"]
[Result "1-0"]
[WhiteElo "2317"]
[BlackElo "2326"]
[Annotator "ChessBase"]
[PlyCount "111"]
[EventDate "2020.08.26"]
[EventType "team-tourn"]
[EventCountry "POL"]
[SourceTitle "playchess.com"]
[Source "ChessBase"]
[SourceQuality "1"]
[WhiteTeam "UKS 21 Podlesie"]
[BlackTeam "Silesia Raciborz"]
[TimeControl "30/5400+30:1800+30"]

1. e4 {[%emt 0:00:00]} c5 {[%emt 0:00:00]} 2. Nf3 {[%emt 0:00:00]} Nc6 {[%emt 0:00:00]} 3. d4 {[%emt 0:00:00]} cxd4 {[%emt 0:00:00]} 4. Nxd4 {[%emt 0:00:00]} Nf6 {[%emt 0:00:00]} 5. Nc3 {[%emt 0:00:01]} d6 {[%emt 0:00:08]} 6. Nb3 {[%emt 0:00:06]} a6 {[%emt 0:00:48]} 7. Be2 {[%emt 0:00:47]} b5 {[%emt 0:00:52]} 8. a4 {[%emt 0:06:57]} b4 {[%emt 0:06:08]} 9. Nd5 {[%emt 0:00:22]} e6 {[%emt 0:00:10]} 10. Nxf6+ {[%emt 0:00:48]} Qxf6 {[%emt 0:00:12]} 11. a5 {[%emt 0:01:19]} Be7 {[%emt 0:01:29]} 12. O-O {[%emt 0:02:34]} O-O {[%emt 0:00:10]} 13. f4 {[%emt 0:02:03]} Re8 {[%emt 0:03:13]} 14. e5 {[%emt 0:15:02]} dxe5 {[%emt 0:09:18]} 15. Bf3 {[%emt 0:01:41]} e4 {[%emt 0:03:06]} 16. Bxe4 {[%emt 0:00:21]} Bb7 {[%emt 0:05:07]} 17. Qd7 {[%emt 0:06:37]} Rab8 {[%emt 0:01:41]} 18. Bxc6 {[%emt 0:07:30]} Red8 {[%emt 0:00:18]} 19. Qc7 {[%emt 0:09:07]} Rdc8 {[%emt 0:03:31]} 20. Qxb7 {[%emt 0:00:14]} Rxb7 {[%emt 0:00:05]} 21. Bxb7 {[%emt 0:00:06]} Rxc2 {[%emt 0:00:03]} 22. Be4 {[%emt 0:01:30]} Rc7 {[%emt 0:04:14]} 23. Rb1 {[%emt 0:04:41]} g6 {[%emt 0:08:13]} 24. Be3 {[%emt 0:01:41]} e5 {[%emt 0:04:02]} 25. Bd5 {[%emt 0:07:42]} Bd6 {[%emt 0:02:45]} 26. Bb6 {[%emt 0:02:50]} exf4 {[%emt 0:12:33]} 27. Bxc7 {[%emt 0:00:31]} Bxc7 {[%emt 0:00:03]} 28. Rbc1 {[%emt 0:03:11]} Qe5 {[%emt 0:06:28]} 29. Bf3 {[%emt 0:03:57]} Bb8 {[%emt 0:02:20]} 30. Kh1 {[%emt 0:00:42]} Ba7 {[%emt 0:00:04]} 31. Nd2 {[%emt 0:32:41]} Qxb2 {[%emt 0:30:47]} 32. Nc4 {[%emt 0:00:18]} Qf6 {[%emt 0:02:06]} 33. Rfd1 {[%emt 0:00:59]} Bd4 {[%emt 0:00:39]} 34. Rb1 {[%emt 0:01:51]} Bc3 {[%emt 0:01:14]} 35. Nd6 {[%emt 0:01:19]} Qe7 {[%emt 0:01:35]} 36. Ne4 {[%emt 0:04:01]} Bg7 {[%emt 0:00:46]} 37. Rdc1 {[%emt 0:01:18]} Bf8 {[%emt 0:03:49]} 38. Rc6 {[%emt 0:01:04]} Qd8 {[%emt 0:00:02]} 39. Rb6 {[%emt 0:03:14]} Qd3 {[%emt 0:01:46]} 40. Rd1 {[%emt 0:00:00]} Qc4 {[%emt 0:00:00]} 41. Ng5 {[%emt 0:00:00]} Qc5 {[%emt 0:00:00]} 42. Bd5 {[%emt 0:00:00]} Qc2 {[%emt 0:00:00]} 43. Re1 {[%emt 0:00:00]} Qc3 {[%emt 0:00:00]} 44. Nf3 {[%emt 0:00:00]} Qd3 {[%emt 0:00:00]} 45. Bxf7+ {[%emt 0:00:00]} Kg7 {[%emt 0:00:00]} 46. Rb7 {[%emt 0:00:00]} Kh6 {[%emt 0:00:00]} 47. Bg8 {[%emt 0:00:00]} Bg7 {[%emt 0:00:00]} 48. Rxb4 {[%emt 0:00:00]} Qd8 {[%emt 0:00:00]} 49. Rxf4 {[%emt 0:00:00]} Bc3 {[%emt 0:00:00]} 50. Rc1 {[%emt 0:01:02]} Bxa5 {[%emt 0:00:00]} 51. Bc4 {[%emt 0:01:20]} Qd6 {[%emt 0:00:00]} 52. Rd4 {[%emt 0:00:16]} Qf6 {[%emt 0:04:47]} 53. Rcd1 {[%emt 0:00:54]} Qc6 {[%emt 0:01:29]} 54. Ne5 {[%emt 0:00:50]} Qc7 {[%emt 0:03:04]} 55. Rd5 {[%emt 0:03:07]} Qb6 {[%emt 0:01:43]} 56. Ng4+ {[%emt 0:00:21]} 1-0

[Event "DMP Ekstraliga 2020"]
[Site "Krakow"]
[Date "2020.09.02"]
[Round "8.19"]
[White "Matuszewski, Michal"]
[Black "Golubka, Petro"]
[Result "0-1"]
[WhiteElo "2508"]
[BlackElo "2495"]
[Annotator "TA"]
[PlyCount "66"]
[EventDate "2020.08.26"]
[EventType "team-tourn"]
[EventCountry "POL"]
[SourceTitle "playchess.com"]
[Source "ChessBase"]
[SourceQuality "1"]
[WhiteTeam "Dwie Wieze Krakow"]
[BlackTeam "Hetman Plock"]

{[%evp 12,66,7,15,19,23,16,17,36,38,58,65,56,48,57,64,65,70,75,14,22,0,0,-76,-77,-76,-81,-74,-69,-66,-68,-89,-83,-158,-154,-171,-170,-288,-282,-274,-289,-283,-277,-313,-299,-377,-377,-377,-377,-377,-377,-573,-564,-563,-556,-613,-612]} 1. d4 Nf6 2. Bg5 e6 3. Nd2 h6 4. Bh4 d5 5. e3 c5 6. c3 Nc6 7. Ngf3 Bd7 {D03: 1 d4 d5 2 Nf3 Nf6 3 Bg5, including Torre Attack with early ...d5.} 8. Bd3 Qb6 9. Rb1 Be7 {The position is equal.} 10. O-O Rd8 11. Qe2 {[#]} a6 $146 ({Predecessor:} 11... O-O 12. Ne5 cxd4 13. exd4 Qa5 14. a3 Qa4 15. f4 Rfe8 16. Bxf6 Bxf6 17. Qh5 Rf8 {1-0 (59) Breutigam,M (2376)-Kuegel,T (2274) Germany 2017}) 12. h3 Qc7 13. Rfe1 b5 14. dxc5 Bxc5 15. b4 ({Better is} 15. Bg3 $16 Qb6 16. e4) 15... Bd6 $11 16. e4 {Black must now prevent e5.} g5 17. Nxg5 (17. Bg3 $11 Bxg3 18. fxg3) 17... hxg5 $17 18. Bxg5 {[#]} Be7 $1 {...Nxe4 is the strong threat.} 19. Bxf6 Bxf6 20. exd5 Ne5 (20... Bxc3 21. dxc6 Bxc6 22. Rbc1 $16) 21. Ne4 Bg7 22. Rbd1 (22. Nc5 $142) 22... exd5 23. Ng5 {[#]} Kf8 $1 ({Stronger than} 23... Qxc3 24. f4 $11) 24. f4 (24. Qe3 {is the only way for White.}) 24... Qb6+ $19 25. Qe3 Qxe3+ 26. Rxe3 Nc6 27. Kf1 Bxc3 {And now ...d4 would win.} 28. Bxb5 Bd4 ({Less strong is} 28... axb5 29. Rxc3 Rh4 30. g4 $17) 29. Bxc6 Bxe3 30. Rxd5 Bxf4 ({Weaker is} 30... Bxc6 31. Rxd8+ Be8 32. Nf3 $19) 31. Nf3 (31. Nxf7 $142 Kxf7 32. Bxd7) 31... Ke8 {Black is clearly winning.} 32. Bxd7+ Rxd7 33. Ra5 Rh6 {Accuracy: White = 54%, Black = 100%.} 0-1

[Event "DMP Ekstraliga 2020"]
[Site "Krakow"]
[Date "2020.09.02"]
[Round "8.20"]
[White "Pultinevicius, Paulius"]
[Black "Druska, Juraj"]
[Result "1/2-1/2"]
[WhiteElo "2519"]
[BlackElo "2515"]
[Annotator "TA"]
[PlyCount "100"]
[EventDate "2020.08.26"]
[EventType "team-tourn"]
[EventCountry "POL"]
[SourceTitle "playchess.com"]
[Source "ChessBase"]
[SourceQuality "1"]
[WhiteTeam "Hetman Plock"]
[BlackTeam "Dwie Wieze Krakow"]
[BlackTeamCountry "SVK"]

{[%evp 22,100,33,0,0,0,-4,-9,29,38,33,12,51,58,50,44,45,33,35,41,55,43,55,-16,-17,-13,-11,-26,-30,-39,-26,-17,-17,-20,0,0,0,-11,-11,-11,-10,-11,-11,-33,-29,-27,-4,-18,-13,-13,0,0,0,-135,-127,-129,-154,-145,-134,-168,-168,-160,0,0,0,-36,-12,-8,-8,-8,0,0,0,0,0,0,0,0,0,0,0]} 1. Nf3 d6 2. d4 g6 3. c4 Bg7 4. g3 e5 5. Nc3 exd4 6. Nxd4 Nf6 7. Bg2 O-O 8. O-O Nbd7 9. h3 Re8 10. e4 a5 11. Re1 Nc5 12. Nb3 Nfd7 $1 {The main line 12...Nfd7 scores better than 12...Ne6. E68: King's Indian: Fianchetto: 6...Nbd7 7 0-0 e5 8 e4.} 13. Nxc5 Nxc5 14. Be3 {[#]} Bd7 $146 (14... Bxc3 $5 15. bxc3 Rb8 $11) ({Predecessor:} 14... Be6 15. Bd4 Bxd4 16. Qxd4 Qe7 17. f4 c6 18. Rad1 Rad8 19. b3 Bc8 20. Kh2 h5 {1-0 (50) Rodriguez,D (2218)-Illas Pueyo,L (2317) Las Tunas 2010}) 15. Bd4 Bc6 16. f4 h5 17. Bxg7 Kxg7 18. Qd4+ Kg8 19. Nd5 Bxd5 20. cxd5 Qd7 21. Rac1 Re7 22. f5 (22. b3 $14) 22... Rae8 $11 23. fxg6 fxg6 24. Re2 Re5 25. Rf1 Qe7 {[%cal Rc5e4]} 26. Rf4 Qg7 27. Kh2 b6 28. h4 R5e7 29. Qd2 Rf8 30. Qe3 Ref7 31. Ref2 Qe5 32. Qf3 {[%cal Rf4f7]} Qe7 {White must now prevent ...Rxf4.} 33. Qe3 Kg7 34. Kg1 Rf6 35. b3 R8f7 36. a3 Rxf4 37. gxf4 (37. Rxf4 $11 {was the only way to keep the balance.} Rxf4 38. gxf4) 37... Qxh4 $17 38. b4 axb4 39. axb4 {[#]} Nd7 $1 40. Bh3 Nf6 41. Rg2 {[#]} Ng4 $2 (41... Kh6 $1 $17 {aiming for ...Rf8.} 42. Be6 Rf8) 42. Bxg4 $1 $11 hxg4 {[%mdl 4096] Endgame KQR-KQR} 43. e5 {Rh2 is the strong threat.} dxe5 44. Qxe5+ {The position is equal.} Qf6 45. Re2 $1 Rd7 (45... Kg8 {seems wilder.} 46. Ra2 g5 47. Qxf6 Rxf6 48. fxg5 Rf5) 46. Kg2 Qxe5 47. Rxe5 Kf6 48. Kg3 Re7 49. Rxe7 Kxe7 50. Kxg4 Kd6 {Accuracy: White = 92%, Black = 91%.} 1/2-1/2

[Event "DMP Ekstraliga 2020"]
[Site "Krakow"]
[Date "2020.09.02"]
[Round "8.21"]
[White "Leniart, Arkadiusz"]
[Black "Warakomski, Tomasz"]
[Result "1-0"]
[WhiteElo "2482"]
[BlackElo "2515"]
[Annotator "TA"]
[PlyCount "49"]
[EventDate "2020.08.26"]
[EventType "team-tourn"]
[EventCountry "POL"]
[SourceTitle "playchess.com"]
[Source "ChessBase"]
[SourceQuality "1"]
[WhiteTeam "Dwie Wieze Krakow"]
[BlackTeam "Hetman Plock"]

{[%evp 9,49,5,76,74,74,62,70,68,112,111,118,121,128,121,156,138,143,160,258,211,281,268,270,257,259,272,326,343,560,554,530,537,564,566,599,550,591,591,558,568,654,615]} 1. e4 e5 2. Nf3 Nc6 3. d4 exd4 4. Nxd4 Qf6 5. Nf3 d6 (5... Bb4+ $11 6. c3 Bc5) 6. Nc3 $16 {C45: Scotch Game.} Bg4 {[#]} 7. Nd5 $146 ({Predecessor:} 7. Be2 O-O-O 8. Bg5 Qe6 9. Bxd8 Kxd8 10. O-O Qg6 11. Nh4 Qg5 12. Bxg4 Qxh4 13. Re1 {1-0 (30) De Oliveira,L (1593)-Vieira,L Florianopolis 2019}) 7... Qd8 8. h3 {White is slightly better.} Bh5 9. Bb5 a6 10. Bxc6+ bxc6 {[#]} 11. Nf4 $1 {[%cal Rf4h5]} Bg6 12. O-O Be7 13. Qe2 Qb8 (13... Nf6 $16) 14. h4 {aiming for h5.} Nf6 15. e5 dxe5 16. Nxe5 $40 {[%mdl 128] White wants a kill.} (16. Qxe5 Kf8 $16) 16... Qb5 17. c4 Qc5 {[#]} 18. b4 $1 {[%mdl 512]} Qxb4 $2 (18... Qb6 19. Bb2 O-O 20. Nexg6 {[%mdl 64] Discovered Attack} hxg6 21. Qxe7 Rfe8) 19. Nxc6 {White is clearly winning.} Qc5 20. Nxg6 ({Not} 20. Nxe7 Qxe7 21. Qxe7+ Kxe7 $16) 20... hxg6 21. Re1 ({Stronger than} 21. Qxe7+ Qxe7 22. Nxe7 Kxe7 $11) 21... Ng8 22. Qf3 Qh5 23. Nxe7 {White threatens Nf5+ and mate.} Qxf3 24. Nc6+ Kd7 25. Ne5+ {[%mdl 64] Double Attack. White took control after the opening. Accuracy: White = 100%, Black = 39%.} ({Weaker is} 25. gxf3 Kxc6 26. Bb2 Rd8 $11) 1-0

[Event "DMP Ekstraliga 2020"]
[Site "Krakow"]
[Date "2020.09.02"]
[Round "8.22"]
[White "Grabarczyk, Miroslaw"]
[Black "Nguyen, Piotr"]
[Result "1/2-1/2"]
[WhiteElo "2368"]
[BlackElo "2422"]
[Annotator "ChessBase"]
[PlyCount "182"]
[EventDate "2020.08.26"]
[EventType "team-tourn"]
[EventCountry "POL"]
[SourceTitle "playchess.com"]
[Source "ChessBase"]
[SourceQuality "1"]
[WhiteTeam "Hetman Plock"]
[BlackTeam "Dwie Wieze Krakow"]
[TimeControl "30/5400+30:1800+30"]

1. d4 {[%emt 0:00:00]} g6 {[%emt 0:00:00]} 2. Nf3 {[%emt 0:00:36]} Bg7 {[%emt 0:00:00]} 3. g3 {[%emt 0:01:11]} c5 {[%emt 0:00:50]} 4. dxc5 {[%emt 0:07:59]} Qa5+ {[%emt 0:01:58]} 5. Nbd2 {[%emt 0:00:46]} Qxc5 {[%emt 0:00:20]} 6. Bg2 {[%emt 0:00:11]} Nf6 {[%emt 0:00:31]} 7. O-O {[%emt 0:02:15]} d6 {[%emt 0:05:10]} 8. e4 {[%emt 0:04:44]} O-O {[%emt 0:06:32]} 9. c3 {[%emt 0:03:45]} Nbd7 {[%emt 0:08:38]} 10. Qe2 {[%emt 0:05:43]} Rb8 {[%emt 0:05:58]} 11. Nb3 {[%emt 0:06:31]} Qc7 {[%emt 0:00:27]} 12. Re1 {[%emt 0:06:50]} e5 {[%emt 0:10:04]} 13. Bg5 {[%emt 0:09:22]} b5 {[%emt 0:08:38]} 14. Nfd2 {[%emt 0:04:21]} h6 {[%emt 0:09:35]} 15. Be3 {[%emt 0:03:40]} a6 {[%emt 0:08:46]} 16. a4 {[%emt 0:02:29]} Nb6 {[%emt 0:03:45]} 17. axb5 {[%emt 0:05:17]} axb5 {[%emt 0:00:05]} 18. Qxb5 {[%emt 0:03:56]} Be6 {[%emt 0:02:26]} 19. Qa6 {[%emt 0:14:50]} Nc4 {[%emt 0:03:45]} 20. Nxc4 {[%emt 0:01:08]} Bxc4 {[%emt 0:00:57]} 21. Qa5 {[%emt 0:00:07]} Rfc8 {[%emt 0:06:27]} 22. Qxc7 {[%emt 0:04:07]} Rxc7 {[%emt 0:00:02]} 23. Nd2 {[%emt 0:00:14]} Be6 {[%emt 0:06:38]} 24. h3 {[%emt 0:06:35]} Rxb2 {[%emt 0:00:27]} 25. c4 {[%emt 0:00:19]} Nd7 {[%emt 0:01:23]} 26. Reb1 {[%emt 0:00:29]} Rxb1+ {[%emt 0:02:22]} 27. Rxb1 {[%emt 0:00:03]} f5 {[%emt 0:00:32]} 28. Rb4 {[%emt 0:01:42]} Kf7 {[%emt 0:00:35]} 29. Ra4 {[%emt 0:01:04]} Bf8 {[%emt 0:02:22]} 30. h4 {[%emt 0:00:27]} Nc5 {[%emt 0:01:18]} 31. Bxc5 {[%emt 0:30:34]} Rxc5 {[%emt 0:30:06]} 32. Ra7+ {[%emt 0:00:25]} Kf6 {[%emt 0:01:56]} 33. h5 {[%emt 0:00:46]} f4 {[%emt 0:02:54]} 34. hxg6 {[%emt 0:00:57]} Kxg6 {[%emt 0:00:10]} 35. Bf1 {[%emt 0:00:50]} Rc8 {[%emt 0:00:36]} 36. Ra6 {[%emt 0:00:30]} Kf7 {[%emt 0:00:13]} 37. Be2 {[%emt 0:00:26]} Be7 {[%emt 0:00:31]} 38. Kg2 {[%emt 0:00:36]} Rb8 {[%emt 0:00:54]} 39. c5 {[%emt 0:01:16]} Rb2 {[%emt 0:00:54]} 40. cxd6 {[%emt 0:00:00]} Bd8 {[%emt 0:00:00]} 41. Bh5+ {[%emt 0:00:00]} Kf6 {[%emt 0:00:00]} 42. d7 {[%emt 0:00:00]} Ke7 {[%emt 0:00:00]} 43. Nf3 {[%emt 0:00:00]} Bb6 {[%emt 0:00:00]} 44. Rxb6 {[%emt 0:00:00]} Rxb6 {[%emt 0:00:00]} 45. Nxe5 {[%emt 0:00:00]} fxg3 {[%emt 0:00:00]} 46. Kxg3 {[%emt 0:00:00]} Bxd7 {[%emt 0:00:00]} 47. Nxd7 {[%emt 0:00:00]} Kxd7 {[%emt 0:00:00]} 48. f4 {[%emt 0:00:00]} Ke6 {[%emt 0:00:00]} 49. Bg4+ {[%emt 0:00:00]} Kf6 {[%emt 0:00:00]} 50. e5+ {[%emt 0:00:00]} Kg6 {[%emt 0:00:00]} 51. Bd7 {[%emt 0:00:00]} Rb7 {[%emt 0:00:00]} 52. Ba4 {[%emt 0:00:00]} Rc7 {[%emt 0:00:00]} 53. Kg4 {[%emt 0:00:00]} h5+ {[%emt 0:00:00]} 54. Kh4 {[%emt 0:01:46]} Kf5 {[%emt 0:02:48]} 55. Bb5 {[%emt 0:01:16]} Rc1 {[%emt 0:00:30]} 56. Bd7+ {[%emt 0:01:17]} Kxf4 {[%emt 0:00:04]} 57. Kxh5 {[%emt 0:00:06]} Kxe5 {[%emt 0:00:26]} 58. Kg6 {[%emt 0:00:26]} Rg1+ {[%emt 0:01:09]} 59. Kf7 {[%emt 0:01:49]} Rf1+ {[%emt 0:00:48]} 60. Kg7 {[%emt 0:00:16]} Ra1 {[%emt 0:01:11]} 61. Bb5 {[%emt 0:00:27]} Ra7+ {[%emt 0:00:23]} 62. Kg6 {[%emt 0:00:28]} Rb7 {[%emt 0:00:40]} 63. Bc4 {[%emt 0:00:23]} Rb4 {[%emt 0:00:04]} 64. Be2 {[%emt 0:00:18]} Rb6+ {[%emt 0:00:13]} 65. Kg7 {[%emt 0:00:25]} Rf6 {[%emt 0:01:09]} 66. Bd3 {[%emt 0:00:40]} Ke6 {[%emt 0:00:07]} 67. Bc4+ {[%emt 0:00:14]} Ke7 {[%emt 0:00:04]} 68. Bb3 {[%emt 0:01:26]} Rf3 {[%emt 0:00:32]} 69. Bc4 {[%emt 0:00:40]} Rg3+ {[%emt 0:00:17]} 70. Kh7 {[%emt 0:00:22]} Kf6 {[%emt 0:00:40]} 71. Bd5 {[%emt 0:00:32]} Rg7+ {[%emt 0:00:21]} 72. Kh8 {[%emt 0:00:07]} Kg6 {[%emt 0:01:05]} 73. Be4+ {[%emt 0:00:24]} Kf7 {[%emt 0:00:34]} 74. Bd5+ {[%emt 0:00:36]} Kf8 {[%emt 0:00:05]} 75. Be4 {[%emt 0:01:02]} Re7 {[%emt 0:00:58]} 76. Bc2 {[%emt 0:00:28]} Re2 {[%emt 0:00:13]} 77. Bg6 {[%emt 0:01:01]} Rg2 {[%emt 0:00:28]} 78. Be4 {[%emt 0:00:30]} Rg4 {[%emt 0:01:01]} 79. Bc2 {[%emt 0:00:25]} Rg3 {[%emt 0:02:27]} 80. Kh7 {[%emt 0:00:28]} Kf7 {[%emt 0:00:10]} 81. Kh6 {[%emt 0:00:41]} Kf6 {[%emt 0:00:05]} 82. Kh7 {[%emt 0:00:40]} Rg7+ {[%emt 0:00:11]} 83. Kh8 {[%emt 0:00:10]} Rc7 {[%emt 0:00:26]} 84. Bd3 {[%emt 0:00:55]} Kf7 {[%emt 0:00:16]} 85. Kh7 {[%emt 0:00:56]} Kf6+ {[%emt 0:01:30]} 86. Kg8 {[%emt 0:00:34]} Rg7+ {[%emt 0:00:06]} 87. Kh8 {[%emt 0:00:07]} Kf7 {[%emt 0:00:04]} 88. Bc4+ {[%emt 0:00:07]} Kf8 {[%emt 0:00:03]} 89. Bd3 {[%emt 0:00:16]} Rg3 {[%emt 0:00:04]} 90. Be4 {[%emt 0:00:09]} Rh3+ {[%emt 0:00:04]} 91. Bh7 {[%emt 0:00:03]} Kf7 {[%emt 0:00:05]} 1/2-1/2